beamer boy - Lil Peep lyrics - Statistics

General Stats
  • This quiz has been taken 12 times
  • The average score is 166 of 191
Answer Stats
Answer % Correct
a
100%
beamer
100%
boy,
100%
boy
100%
don't
100%
dreamer
100%
even
100%
get
100%
girl
100%
girl,
100%
go
100%
got
100%
hear
100%
I
100%
I'm
100%
in
100%
love
100%
me
100%
my
100%
need
100%
no
100%
now,
100%
now
100%
on
100%
out,
100%
out
100%
pass
100%
real
100%
that
100%
that,
100%
that's
100%
the
100%
they
100%
They
100%
to
100%
wanna
100%
want
100%
ya,
100%
yeah
100%
Yeah,
100%
Z3
100%
and
83%
Baby,
83%
baby,
83%
back,
83%
But
83%
can't
83%
Can't
83%
death
83%
down,
83%
down
83%
'drug
83%
feel
83%
fuckin'
83%
her
83%
hoes
83%
Okay,
83%
own
83%
pro
83%
pull
83%
shawty
83%
she
83%
shit
83%
some
83%
take
83%
talk',
83%
two-seater
83%
was
83%
zone
83%
ass
67%
at?
67%
cash
67%
chosen
67%
dough
67%
hit
67%
home
67%
I'ma
67%
list
67%
notes
67%
one
67%
one,
67%
phone
67%
put
67%
Schema
67%
show
67%
then
67%
told
67%
what
67%
where
67%
You
67%
all
50%
alone
50%
bros
50%
bruh?'
50%
coming
50%
deal,
50%
doing
50%
let
50%
like
50%
motherfuckin'
50%
never
50%
see
50%
'What's
50%
ayy
33%
shows
33%
spaz
33%
Ya
33%
JGRXXN
17%
No matching quizzes found
Score Distribution
Percent of People with Each Score
Percentile by Number Answered
Your Score History
You have not taken this quiz